00580nam a2200205Ia 4500003000400000005001700004008004100021020002200062040000700084041000800091082002500099100004200124245010000166250000600266260002900272300001600301365001700317650002500334650001500359OSt20230517162700.0210423s2014 xx 000 0 und d a978-1-4557-2553-3 cAL aeng a660.28449223b VOGF aVOGEL (Henry C);TODARO (Celeste M) Ed aFermentation and biochemical engineering handbook: principles process design and equipment Ed 3 a3 aNew YorkbElsevierc2014 aiii,219bHB b12772.5cINR aChemical Engineering aTechnology